header

Anatomy live (Record no. 57873)

MARC details
000 -LEADER
fixed length control field 01389nam a2200349 a 4500
245 00 - TITLE STATEMENT
Title Anatomy live
260 ## - PUBLICATION, DISTRIBUTION, ETC. (IMPRINT)
Place of publication [Amsterdam] :
Name of publisher Amsterdam University Press,
Year of publication c2008.
300 ## - PHYSICAL DESCRIPTION
Number of Pages 270 p. :
Other physical details ill.
490 1# - SERIES STATEMENT
Series statement MediaMatters
500 ## - GENERAL NOTE
General note Selected papers presented at the conference "The Anatomical Theatre Revisited" in 2006.
650 #0 - SUBJECT ADDED ENTRY--TOPICAL TERM
Topical Term Theater
Topical Term Theater
Topical Term Performance art
700 1# - ADDED ENTRY--PERSONAL NAME
Personal name Bleeker, Maaike.
856 40 - ELECTRONIC LOCATION AND ACCESS
Uniform Resource Identifier http://site.ebrary.com/lib/rucke/Doc?id=10314661

No items available.

© 2026 Rongo University
Contact us: librarian | system librarian | Rongo university